000 00669nam a22002297a 4500
003 UA-OsUOA
001 65256
007 ta
008 20091118b un ||||| |||| 00| 0 ukr d
100 _aЦибаньова О.
090 _a82.09(477)
_bЦ56
942 _cBK
040 _aUA-OsUOA
_bukr
_cUA-OsUOA
_dUA-OsUOA
245 _aЛітопис життя і творчості І. Карпенка-Карого (І. К. Тобілевича)
300 _a449 с.
955 _a1
041 _aukr
080 _a82.09(477)
260 _aК.
_bДніпро
_c1967
650 7 _a82 Література. Літературознавство
_2UDC
999 _c351377
_d351377